The Oxford History of Western Music (Record no. 15777)
[ view plain ]
| 000 -LEADER | |
|---|---|
| fixed length control field | 00634nam a22001937a 4500 |
| 003 - CONTROL NUMBER IDENTIFIER | |
| control field | OSt |
| 005 - DATE AND TIME OF LATEST TRANSACTION | |
| control field | 20160316100849.0 |
| 008 - FIXED-LENGTH DATA ELEMENTS--GENERAL INFORMATION | |
| fixed length control field | 160316b xxu||||| |||| 00| 0 eng d |
| 020 ## - INTERNATIONAL STANDARD BOOK NUMBER | |
| International Standard Book Number | 0195097627 |
| 040 ## - CATALOGING SOURCE | |
| Original cataloging agency | Kabarak university Library |
| Transcribing agency | Kabarak university Library |
| 100 ## - MAIN ENTRY--PERSONAL NAME | |
| Personal name | Taruskin Richard |
| 245 ## - TITLE STATEMENT | |
| Title | The Oxford History of Western Music |
| Statement of responsibility, etc. | Richard Taruskin |
| 250 ## - EDITION STATEMENT | |
| Edition statement | College ed. |
| 260 ## - PUBLICATION, DISTRIBUTION, ETC. (IMPRINT) | |
| Place of publication, distribution, etc. | United States of America |
| Name of publisher, distributor, etc. | Oxford University Press |
| Date of publication, distribution, etc. | 2013 |
| 300 ## - PHYSICAL DESCRIPTION | |
| Extent | xxxiii,1212p. |
| Other physical details | ill. |
| 610 ## - SUBJECT ADDED ENTRY--CORPORATE NAME | |
| Corporate name or jurisdiction name as entry element | Music |
| General subdivision | History and criticism |
| 700 ## - ADDED ENTRY--PERSONAL NAME | |
| Personal name | Christopher H. Gibbs |
| 942 ## - ADDED ENTRY ELEMENTS (KOHA) | |
| Source of classification or shelving scheme | Library of Congress Classification |
| Koha item type | General Collection |
| Edition | College ed. |
| Call number prefix | ML1600 .T37 2013 C.1 |
| Withdrawn status | Lost status | Source of classification or shelving scheme | Not for loan | Home library | Current library | Date acquired | Cost, normal purchase price | Total Checkouts | Full call number | Barcode | Date last seen | Date last checked out | Copy number | Price effective from | Koha item type |
|---|---|---|---|---|---|---|---|---|---|---|---|---|---|---|---|
| Library of Congress Classification | Kabarak, Main Campus | Kabarak, Main Campus | 16/03/2016 | 13775.00 | 1 | ML1600 .T37 2013 C.1 | 026059 | 15/03/2022 | 25/02/2022 | C.1 | 16/03/2016 | General Collection |